Professional examinations rules and syllabus : building surveying (1978) Reprinted with amendments January 1985 and June 1987 (Record no. 90895)

MARC details
000 -LEADER
fixed length control field 00670cam a2200217 4500
008 - FIXED-LENGTH DATA ELEMENTS--GENERAL INFORMATION
fixed length control field 090401t1987 xxu||||| |||| 00| 0 eng d
020 ## - INTERNATIONAL STANDARD BOOK NUMBER
International Standard Book Number 0854062726
035 ## - SYSTEM CONTROL NUMBER
System control number (Sirsi) u40991
041 ## - LANGUAGE CODE
Language code of text/sound track or separate title eng
050 ## - LIBRARY OF CONGRESS CALL NUMBER
Classification number 690.2076
090 ## - LOCALLY ASSIGNED LC-TYPE CALL NUMBER (OCLC); LOCAL CALL NUMBER (RLIN)
Classification number (OCLC) (R) ; Classification number, CALL (RLIN) (NR) RICS 1987/74ABC
110 ## - MAIN ENTRY--CORPORATE NAME
Corporate name or jurisdiction name as entry element Royal Institution of Chartered Surveyors
9 (RLIN) 4900
245 ## - TITLE STATEMENT
Title Professional examinations rules and syllabus : building surveying (1978) Reprinted with amendments January 1985 and June 1987
260 ## - PUBLICATION, DISTRIBUTION, ETC.
Place of publication, distribution, etc. London
Name of publisher, distributor, etc. Surveyors Publications
Date of publication, distribution, etc. 1987
300 ## - PHYSICAL DESCRIPTION
Extent 20p. ; 21cm.
350 ## - PRICE (NR) (BK AM CF MU VM SE) [OBSOLETE]
Price 2
520 ## - SUMMARY, ETC.
Summary, etc. Eduation and Membership Department.
650 ## - SUBJECT ADDED ENTRY--TOPICAL TERM
Topical term or geographic name entry element SYLLABUS
942 ## - ADDED ENTRY ELEMENTS (KOHA)
Suppress in OPAC 0
948 ## - LOCAL PROCESSING INFORMATION (OCLC); SERIES PART DESIGNATOR (RLIN)
c (OCLC) 04/03/1997
Holdings
Withdrawn status Lost status Source of classification or shelving scheme Damaged status Not for loan Home library Current library Shelving location Date acquired Cost, normal purchase price Total Checkouts Full call number Barcode Date last seen Copy number Cost, replacement price Price effective from Koha item type
    Dewey Decimal Classification     Historic collection Historic collection RICS Boxes 02/04/1993 2.00   RICS 1987/74 30043798 06/08/2019 1 2.00 06/08/2019 Archive
    Dewey Decimal Classification     London London RICS Boxes 14/09/1999 2.00   RICS 1987/74 30007950 06/08/2019 1 2.00 06/08/2019 Reference material
    Dewey Decimal Classification     London London RICS Boxes 14/09/1999 2.00   RICS 1987/74 30029641 06/08/2019 2 2.00 06/08/2019 Archive